| 000 | 00000nam##2200000za#4500 |
| 001 | 9.600705 |
| 003 | CaOODSP |
| 005 | 20210624205720 |
| 007 | cr ||||||||||| |
| 008 | 150406|1996||||xxc|||||o f|0| 0 fre|d |
| 040 | |aCaOODSP|bfre |
| 043 | |an-cn--- |
| 086 | 1 |aNH18-1/168-1996F-PDF |
| 110 | 2 |aSociété canadienne d'hypothèques et de logement. |
| 245 | 10|aL'investissement dans le logement locatif résidentiel au Canada : |h[ressource électronique]|bleçons des études et avenues de recherche / |c[préparé par] Mario Fortin. |
| 260 | |aOttawa - Ontario : |bSociété canadienne d'hypothèques et de logement |c1996. |
| 300 | |a48p. |
| 490 | 1 |aRapport de recherche |
| 504 | |aBibliographie. |
| 546 | |a(Report summary in English.) |
| 590 | |a12-29-Supp|b2012-06-25 |
| 720 | 1 |aFortin, Mario |
| 775 | 08|tInvestment in residential rental housing in Canada : |w(CaOODSP)9.569720 |
| 830 | #0|aResearch report (Société canadienne d'hypothèques et de logement : En ligne)|w(CaOODSP)9.502470 |
| 856 | 40|ahttp://publications.gc.ca|qPDF|s3 Mo|uhttps://publications.gc.ca/collections/collection_2011/schl-cmhc/nh18-1/NH18-1-168-1996-fra.pdf |